| 000 | 01348nam a2200313Ia 4500 | ||
|---|---|---|---|
| 001 | ebr10434998 | ||
| 003 | CaPaEBR | ||
| 006 | m u | ||
| 007 | cr cn||||||||| | ||
| 008 | 110110s2010 mdu sb 001 0 eng d | ||
| 010 | _z 2010931098 | ||
| 020 | _z9780761852926 | ||
| 020 | _z9780761852933 | ||
| 040 |
_aCaPaEBR _cCaPaEBR |
||
| 035 | _a(OCoLC)698590225 | ||
| 050 | 1 | 4 |
_aBV4335 _b.I44 2010eb |
| 100 | 1 | _aIhewulezi, Cajetan N. | |
| 245 | 1 | 0 |
_aHospital preaching as informed by bedside listening _h[electronic resource] : _ba homiletical guide for preachers, pastors, and chaplains in hospital, hospice, prison, and nursing home ministries / _cCajetan N. Ihewulezi. |
| 260 |
_aLanham, MD : _bUniversity Press of America, _c2010. |
||
| 300 | _axiii, 91 p. | ||
| 504 | _aIncludes bibliographical references and index. | ||
| 533 |
_aElectronic reproduction. _bPalo Alto, Calif. : _cebrary, _d2011. _nAvailable via World Wide Web. _nAccess may be limited to ebrary affiliated libraries. |
||
| 630 | 0 | 0 |
_aBible _xHomiletical use. |
| 650 | 0 |
_aHospital patients _xPastoral counseling of. |
|
| 650 | 0 | _aChurch work with the sick. | |
| 655 | 7 |
_aElectronic books. _2local |
|
| 710 | 2 | _aebrary, Inc. | |
| 856 | 4 | 0 |
_uhttp://site.ebrary.com/lib/rucke/Doc?id=10434998 _zAn electronic book accessible through the World Wide Web; click to view |
| 999 |
_c148704 _d148704 |
||